[Event "Sautron op 21th"]
[Site "Sautron"]
[Date "2014.08.31"]
[Round "6"]
[White "Munkhbayar, Janjaadorj"]
[Black "Eugene, Floryan"]
[Result "0-1"]
[WhiteElo "1992"]
[BlackElo "2072"]
[PlyCount "42"]
[EventDate "2014.08.28"]
[EventType "swiss"]
[EventRounds "6"]
[EventCountry "FRA"]
[SourceTitle "EXT 2015"]
[Source "ChessBase"]
[SourceDate "2014.11.20"]
[SourceVersion "1"]
[SourceVersionDate "2014.11.20"]
[SourceQuality "1"]

1. d4 Nf6 2. c4 g6 3. Nc3 Bg7 4. e4 d6 5. f3 Nbd7 6. Be3 0-0 7. Qd2 a6 8. Nge2 c5 9. h4 e5 10. dxe5 Nxe5 11. Ng3 Be6 12. Nd5 Nxd5 13. exd5 Bd7 14. Bh6 Re8 15. Kf2 Ng4+ 16. fxg4 Bd4+ 17. Kf3 Qf6+ 18. Nf5 Bxf5 19. gxf5 Qxf5+ 20. Kg3 Re4 21. Be2 Bf2+ 0-1